Normal view
MARC view
Entry Personal Name
001 - CONTROL NUMBER
- control field: 46896
003 - CONTROL NUMBER IDENTIFIER
- control field: ARRUPE
005 - DATE AND TIME OF LATEST TRANSACTION
- control field: 20190710154145.0
008 - FIXED-LENGTH DATA ELEMENTS
- fixed length control field: 190710|| aca||aabn | a|a d
040 ## - CATALOGING SOURCE
- Original cataloging agency: ARRUPE
- Transcribing agency: ARRUPE
100 ## - HEADING--PERSONAL NAME
- Personal name: Margaret J. Wheatley
670 ## - SOURCE DATA FOUND
- Source citation: Work cat.: (ARRUPE)7660: Wheatley, Margaret J 44849, Leadership and the new science, 1992